Taylor Swift - Paroles this is me trying - Statistiques

Statistiques générales
  • Ce quiz a été pris 133 fois
  • Le résultat moyen est 232 sur 260
Statistiques - réponses
Hint Réponse % Correct
a
100%
I
100%
the
100%
you
100%
an
99%
is
99%
know
99%
me
99%
that
99%
That
99%
this
99%
to
99%
trying
99%
And
98%
and
98%
(And
98%
be
98%
I'm
98%
want
98%
when
98%
all
96%
At
96%
at
96%
hard
96%
just
96%
like
95%
of
95%
about
94%
have
94%
it's
94%
It's
94%
least
94%
lot
94%
my
94%
Couplet 2 They
94%
wanted
94%
regrets
91%
didn't
90%
in
90%
So
90%
so
90%
party
89%
was
89%
feel
88%
had
88%
potential
88%
your
88%
anywhere
86%
But
86%
mental
86%
were
86%
became
85%
here
85%
time
85%
told
85%
cages
84%
back
83%
been
83%
came
83%
curve,
83%
curve
83%
days
83%
flashback
83%
Couplet 1 I've
83%
open
83%
these
83%
got
81%
stranger
81%
up
81%
wasted
81%
heart
79%
if
79%
kill
79%
mad
79%
now
79%
on
79%
pour
79%
sphere
79%
words
79%
car
78%
care
75%
rusting
75%
ahead
74%
ended
74%
having
74%
don't
73%
adjusting
72%
shoot
72%
they're
72%
say
70%
say)
70%
wound
70%
you'd
70%
You're
70%
film
69%
town
69%
what
68%
shiniest
67%
doorway
65%
whiskey
65%
Pouring
63%
out
62%
reel
62%
screen
62%
way
60%
wheels,
60%
maybe
58%
quite
58%
one
57%
classmates,
56%
Fell
56%
Pulled
54%
down
52%
road
51%
behind
49%
off
49%
fears
44%
Could've
38%
lookout
38%
followed
37%
Aucun quiz correspondant
Distribution des résultats
% des personnes avec chaque résultat
Percentile par nombre de réponses
Votre historique - résultats
Vous n’avez pas pris ce quiz